Model prečerpávacej vodnej elektrárne
Saved in:
| Main Author: | |
|---|---|
| Other Authors: | |
| Format: | Manuscript Book |
| Language: | Slovak |
| Published: |
Bratislava :
STU v Bratislave FEI,
2021
|
| Subjects: | |
| Online Access: | https://opac.crzp.sk/?fn=detailBiblioForm&sid=2DF2AC71C78DA39E9FFEB2873752&seo=CRZP-detail-kniha |
| Tags: |
No Tags, Be the first to tag this record!
|
MARC
| LEADER | 00000ntm a22000003a 4500 | ||
|---|---|---|---|
| 001 | stuzp74052 | ||
| 003 | SK-STU | ||
| 005 | 20211126131901.2 | ||
| 007 | ta | ||
| 008 | 150427s2015----xo-----f-mn---000-0-slo-d | ||
| 040 | |a STU |b slo | ||
| 041 | 0 | |a slo | |
| 044 | |a xo | ||
| 100 | 1 | |a Ribar, Filip |u 032000 |4 aut |U FEI Fakulta elektrotechniky a informatiky |T FEI Ústav elektroenergetiky a aplikovanej elektrotechniky |X 80679 |U E020 |Y 548 |7 80679 | |
| 242 | 0 | 1 | |a Model of a Pumping Hydroelectric Power Plant |y eng |
| 245 | 1 | 0 | |a Model prečerpávacej vodnej elektrárne |
| 260 | |a Bratislava : |b STU v Bratislave FEI, |c 2021 | ||
| 300 | |a 88 s. | ||
| 650 | 4 | |a prečerpávacia vodná elekráreň |2 slo | |
| 650 | 4 | |a regulácia |2 slo | |
| 650 | 4 | |a akumulácia energie |2 slo | |
| 650 | 4 | |a regulation |2 eng | |
| 650 | 4 | |a energy storage |2 eng | |
| 650 | 4 | |a pumped storage hydropower plant |2 eng | |
| 700 | 1 | |a Pípa, Marek |u 032000 |k Z1 |4 ths |U FEI Fakulta elektrotechniky a informatiky |T FEI Ústav elektroenergetiky a aplikovanej elektrotechniky |X 2666 |U E020 |Y 548 |7 A000002666 | |
| 856 | 4 | |u https://opac.crzp.sk/?fn=detailBiblioForm&sid=2DF2AC71C78DA39E9FFEB2873752&seo=CRZP-detail-kniha | |